00715 2200289 4500001002100000005001500021035002000036007000300056008004100059020001800100082001400118084002000132100001900152245007400171260003900245300002300284650002000307700001900327990000900346990001600355990000900371990000900380990000900389990000900398990000900407990000900416INLIS00000000000208320180716032700 a0010-0718000035ta180716 g 1 ind  a979-25-7415-8 a899.221 3 a899.221 3 AZZ c0 aAZZURA, Dayana1 aCinta Sang Penjaga Telaga /cAzzura Dayana; penyunting, Yusuf Maulana aYogyakarta :bPro-U Media,c[s.a] a351 hlm. ;c20 cm. aFIKSI INDONESIA0 aYUSUF, Maulana a2978 a00000002977 a2977 a2978 a2977 a2978 a2978 a2977